Cartas familiares del abate Juan Andres a su hermano D. Carlos Andres dandole noticia del Viage que hizo ... en el año 1788, / (Record no. 151477)

MARC details
000 -LEADER
campo de control de longitud fija 01149nam a2200253 i 4500
001 - NÚMERO DE CONTROL
campo de control 151477
003 - IDENTIFICADOR DE NÚMERO DE CONTROL
campo de control ES-MaACL
005 - FECHA Y HORA DE LA ÚLTIMA TRANSACCIÓN
campo de control 20250930063129.0
008 - DATOS DE LONGITUD FIJA--INFORMACIÓN GENERAL
campo de control de longitud fija 931025s1790 sp |||| | spa d
040 ## - FUENTE DE CATALOGACIÓN
Centro catalogador/agencia de origen CAM
Lengua de catalogación spa
Centro/agencia transcriptor PAB
100 1# - ENTRADA PRINCIPAL--NOMBRE DE PERSONA
Nombre de persona Andrés, Juan,
Fechas asociadas al nombre 1740-1817
9 (RLIN) 21576
245 10 - MENCIÓN DEL TÍTULO
Título Cartas familiares del abate Juan Andres a su hermano D. Carlos Andres dandole noticia del Viage que hizo ... en el año 1788, /
Mención de responsabilidad, etc. publicadas por el mismo D. Carlos ; tomo III.
260 ## - PUBLICACIÓN, DISTRIBUCIÓN, ETC.
Lugar de publicación, distribución, etc. En Madrid :
Nombre del editor, distribuidor, etc. por Don Antonio de Sancha, se hallará en su libreria...,
Fecha de publicación, distribución, etc. 1790.
300 ## - DESCRIPCIÓN FÍSICA
Extensión [6], 372 p. ;
Dimensiones 8º.
595 ## -
-- Existe al menos otro estado de esta ed., en la que en p. 372 consta por error 272.
597 ## - NOTA DE DESCRIPCIÓN FÍSICA
NOTA DE DESCRIPCIÓN FÍSICA Sign.: a3, A-Z8, 2A4.
597 ## - NOTA DE DESCRIPCIÓN FÍSICA
NOTA DE DESCRIPCIÓN FÍSICA Antep.
600 17 - PUNTO DE ACCESO ADICIONAL DE MATERIA--NOMBRE DE PERSONA
Nombre de persona Andrés, Juan,
Fechas asociadas al nombre 1740-1817-
Subdivisión de forma Correspondencia
Fuente del encabezamiento o término
9 (RLIN) 153332
600 17 - PUNTO DE ACCESO ADICIONAL DE MATERIA--NOMBRE DE PERSONA
Nombre de persona Andrés, Carlos,
Fechas asociadas al nombre 1753-1821-
Subdivisión de forma Correspondencia
Fuente del encabezamiento o término
9 (RLIN) 153333
651 #4 - PUNTO DE ACCESO ADICIONAL DE MATERIA--NOMBRE GEOGRÁFICO
Nombre geográfico Italia-
Subdivisión general Descripción-
Subdivisión cronológica S.XVIII.
9 (RLIN) 8863
700 1# - ENTRADA AGREGADA--NOMBRE PERSONAL
Nombre de persona Andrés, Carlos,
Fechas asociadas al nombre 1753-1821
9 (RLIN) 21569
852 ## - LOCALIZACIÓN
Ubicación ES-MaACL
Número de control de estantería R-486-90
Nota libre -- Enc. pasta roja, con hierros dorados en el lomo
Encuadernación -- Olim: G-331 -5
Holdings
Estatus retirado Estado de pérdida Estado de daño No para préstamo Colección Biblioteca de origen Biblioteca actual Ubicación en estantería Fecha de adquisición Total de préstamos Signatura topográfica completa Código de barras Visto por última vez Precio de reemplazo Tipo de ítem Koha
        Libros del s. XVIII Biblioteca del Ateneo de Madrid Biblioteca del Ateneo de Madrid Depósito 17/01/2008   R-486-90 1158050 23/02/2023 23/02/2023 Libro impreso antiguo